00632 2200217 4500001002100000005001500021035002000036007000300056008004100059020002200100082001600122084002200138100001900160245003400179250002000213260006500233300003100298650003900329650002800368856001800396INLIS00000000000004220250710114726 a0010-0725000042ta250710 a 0 ind  a978-623-307-415-5 a398.209 598 a398.209 598 VIS h0 aK.R. Vishrutha1 aHujan Badai /cK.R. Vishrutha aCetakan Pertama aRawamangun :bBadan Pengembangan dan Pembinaan Bahasa,c2022 a24 hlm. :bIlus. ;c21 cm. 4aCerita Anak Indonesia - Terjemahan 4aLiterasi - Bahan bacaan aTBM AS SUHADA